Joaquín Edwards Bello: un transatlántico varado en el Mapocho
Enregistré dans:
| Auteur principal: | |
|---|---|
| Format: | Livre |
| Langue: | espagnol |
| Publié: |
Santiago
Aguilar Chilena
2005
|
| Édition: | 1a. ed |
| Sujets: | |
| Tags: |
Ajouter un tag
Pas de tags, Soyez le premier à ajouter un tag!
|
MARC
| LEADER | 00000nam a2200000 a 4500 | ||
|---|---|---|---|
| 001 | UCJ0913 | ||
| 003 | CL-VaPUC | ||
| 008 | 060914e20050000CL |||||||||||||||||spa|d | ||
| 020 | |a 9562393526 | ||
| 082 | 0 | 4 | |a Ch863.092 |b GAR |2 21 |
| 100 | |a García-Huidobro Mac-Aulife, Cecilia |e author |9 565544 | ||
| 245 | 1 | 0 | |a Joaquín Edwards Bello: un transatlántico varado en el Mapocho |
| 250 | |a 1a. ed | ||
| 300 | |a 367 p | ||
| 942 | |c BK | ||
| 945 | |d 20060914 00:00:00 |a cmena | ||
| 260 | |a Santiago |b Aguilar Chilena |c 2005 | ||
| 600 | 0 | 7 | |a EDWARDS BELLO, JOAQUIN |2 CL-VaPUC |9 344236 |
| 650 | 0 | |a Escritores chilenos |9 420370 | |
| 650 | 0 | |a Literatura chilena |9 308278 | |
| 650 | 0 | |a Periodismo |9 310113 | |
| 650 | 0 | |a Entrevistas |9 265537 | |
| 650 | 0 | |a Crítica e interpretación literaria |9 266284 | |
| 650 | 0 | |a Autobiografías |9 265171 | |
| 583 | |a last modification |c 20140409 03:38:13 |k Rodrigo Vera | ||
| 999 | |c 317652 |d 317650 | ||
| 952 | |0 0 |1 0 |4 0 |6 CH_863_092000000000000_GAR_2005 |7 0 |8 A |9 394279 |a BIBGIM |b BIBGIM |d 2019-11-22 |i 427685K |l 1 |o Ch863.092 GAR 2005 |p 427685K |r 2025-01-15 |s 2024-10-09 |w 2019-11-22 |y BK |k EST | ||